000 00465nam a2200169Ia 4500
003 GCL
008 140319s9999 xx 000 0 ara d
040 _aGCL /
_cGCL
082 0 4 _aد
_b050
100 1 _aخليل شيبوب
245 1 0 _aعبدالرحمن الجبرتى (اقرا 70 ) /
_cخليل شيبوب
300 _a118
490 _aاقرأ
_v0
650 0 4 _aعبدالرحمن الجبرتى
650 0 4 _aالرجال - تراجم
942 _2ddc
_cBK
999 _c49423
_d49423